000 00811nam a2200241Ia 4500
003 OSt
005 20220923215907.0
006 a|||||r|||| 00| 0
007 ta
008 220922b |||||||| |||| 00| 0 hin d
024 _a182,642
037 _cTextual
040 _aARTS
_cARTS
_bhin
041 _2hin
_ahin
082 _aO152,1N492x, M9
100 _aअस्थाना, रोहिताशव, संपा.
245 0 _aनवीनतम हिन्दी गजलें
246 _aNavīnatam hindī gajalean
260 _aदिल्ली
_b सुनील प्रकाशन सदन
_c1989
300 _a128 पृ.
_ccm.
942 _hO152,1N492x, M9
_cTEXL
_2CC
999 _c336006
_d336006